[Event "Titled Tuesday intern op 06th Feb Early"]
[Site "Chess.com INT"]
[Date "2024.02.06"]
[Round "1"]
[White "Caglar, Sila"]
[Black "Rustemov, Alexander"]
[Result "0-1"]
[WhiteElo "2141"]
[BlackElo "2525"]
[PlyCount "60"]
[EventDate "2024.02.06"]
[EventType "swiss (blitz)"]
[EventRounds "11"]
[EventCountry "USA"]
[SourceTitle "CB07_2024"]
[SourceDate "2024.02.14"]
[SourceVersion "1"]
[SourceVersionDate "2024.02.14"]
[SourceQuality "1"]

1. e4 e6 2. d4 d5 3. Bd3 dxe4 4. Bxe4 Nf6 5. Bf3 Be7 6. Ne2 0-0 7. 0-0 Nbd7 8. Re1 e5 9. g3 c6 10. Bg2 Re8 11. Nd2 exd4 12. Nxd4 Nb6 13. N2f3 Bg4 14. h3 Bh5 15. c3 Bf8 16. Bg5 Rxe1+ 17. Qxe1 h6 18. Bxf6 Qxf6 19. Rd1 Rd8 20. g4 Bg6 21. Ne2 Rxd1 22. Qxd1 Bd6 23. Qd4 Qxd4 24. Nexd4 Na4 25. b3 Nxc3 26. a4 a5 27. Nh4 Bb1 28. Nhf5 Bc5 29. Nf3 Ne2+ 30. Kf1 Nc1 0-1

[Event "Titled Tuesday intern op 29th Aug Early"]
[Site "Chess.com INT"]
[Date "2023.08.29"]
[Round "8"]
[White "Caglar, Sila"]
[Black "Player, Edmund C"]
[Result "1/2-1/2"]
[WhiteElo "2198"]
[BlackElo "2180"]
[PlyCount "82"]
[EventDate "2023.08.29"]
[EventType "swiss (blitz)"]
[EventRounds "11"]
[EventCountry "USA"]
[SourceTitle "EXT 2024"]
[Source "ChessBase"]
[SourceDate "2023.10.10"]
[SourceVersion "1"]
[SourceVersionDate "2023.10.10"]
[SourceQuality "1"]

1. g3 d5 2. Bg2 g6 3. d3 Bg7 4. Nf3 e5 5. 0-0 Ne7 6. c4 c6 7. Nc3 0-0 8. cxd5 cxd5 9. e4 Nbc6 10. Ng5 d4 11. Ne2 h6 12. Nh3 Be6 13. f4 Qd7 14. Nf2 f5 15. fxe5 Nxe5 16. Nf4 Bf7 17. exf5 Nxf5 18. Ne4 Rad8 19. Nc5 Qb5 20. Nce6 Ne3 21. Bxe3 dxe3 22. Nxf8 Bxf8 23. a4 Qxb2 24. Rb1 Qd4 25. Qe2 Nxd3 26. Nxd3 Qxd3 27. Qxd3 Rxd3 28. Rxb7 Bc5 29. Rbxf7 e2+ 30. Kh1 Rd1 31. R7f3 exf1Q+ 32. Rxf1 Rxf1+ 33. Bxf1 a5 34. Bc4+ Kg7 35. Kg2 g5 36. Kf3 Bb4 37. Kg4 Bc3 38. Kf5 Bb4 39. h3 Bc3 40. g4 Bb4 41. Bd5 Bc3 1/2-1/2

[Event "TUR-chT"]
[Site "Ankara"]
[Date "2023.07.14"]
[Round "5.4"]
[White "Vaishali, Ramesh Babu"]
[Black "Caglar, Sila"]
[Result "1/2-1/2"]
[WhiteElo "2431"]
[BlackElo "2235"]
[PlyCount "69"]
[EventDate "2023.07.10"]
[EventType "team-tourn"]
[EventRounds "11"]
[EventCountry "TUR"]
[SourceTitle "EXT 2024"]
[Source "ChessBase"]
[SourceDate "2023.10.10"]
[SourceVersion "1"]
[SourceVersionDate "2023.10.10"]
[SourceQuality "1"]
[WhiteTeam "Turk Hava Yollari"]
[BlackTeam "Hukukcu Fenerbahceliler"]
[WhiteTeamCountry "TUR"]
[BlackTeamCountry "TUR"]

1. e4 c5 2. Nf3 e6 3. d4 cxd4 4. Nxd4 Nc6 5. Nc3 Qc7 6. Be2 Nf6 7. Ndb5 Qb8 8. f4 a6 9. e5 axb5 10. exf6 b4 11. fxg7 Bxg7 12. Nb5 d5 13. 0-0 0-0 14. Bd3 f5 15. c3 bxc3 16. bxc3 Nb4 17. Be3 Nxd3 18. Qxd3 Bd7 19. Bd4 Bxb5 20. Qxb5 Qc7 21. Bxg7 Kxg7 22. Rf3 Rf6 23. Qb4 b6 24. a4 Qc5+ 25. Kh1 Rf7 26. Rg3+ Kf8 27. Re3 Re7 28. Re2 Kf7 29. Rb2 Ra6 30. Qxc5 bxc5 31. a5 Rea7 32. Rb5 c4 33. Kg1 Ke7 34. Kf2 Kd6 35. Re1 1/2-1/2

[Event "Foxwoods op 15th"]
[Site "Ledyard"]
[Date "2023.04.08"]
[Round "7"]
[White "Times, Lawyer"]
[Black "Caglar, Sila"]
[Result "0-1"]
[WhiteElo "1947"]
[BlackElo "2264"]
[PlyCount "69"]
[EventDate "2023.04.05"]
[EventType "swiss"]
[EventRounds "9"]
[EventCountry "USA"]
[SourceTitle "CBM 213 Extra"]
[Source "ChessBase"]
[SourceDate "2023.05.31"]
[SourceVersion "1"]
[SourceVersionDate "2023.05.31"]
[SourceQuality "1"]

1. d4 c5 2. c3 e6 3. e3 Nf6 4. Bd3 cxd4 5. exd4 Be7 6. f4 d6 7. Nf3 Nbd7 8. Qe2 Qc7 9. Na3 a6 10. Bd2 b6 11. 0-0-0 Bb7 12. Rhe1 0-0 13. Nc2 Rfe8 14. Qf2 b5 15. Kb1 Bd5 16. Ne3 Be4 17. Qf1 d5 18. Ne5 Rab8 19. Nc2 Bxd3 20. Nxd3 Ne4 21. g3 f5 22. Ne5 a5 23. a3 Ndf6 24. Nd3 Rec8 25. Qe2 b4 26. axb4 axb4 27. c4 b3 28. Ncb4 dxc4 29. Nc5 Bxc5 30. dxc5 Qxc5 31. Na6 Qa7 32. Bb4 Rxb4 33. Nxb4 Ra8 34. Rd8+ Rxd8 35. Qxc4 0-1

[Event "Charlotte CCCSA Fall IM-E"]
[Site "Charlotte"]
[Date "2022.11.21"]
[Round "8"]
[White "Caglar, Sila"]
[Black "Kunka, Harshid"]
[Result "0-1"]
[WhiteElo "2268"]
[BlackElo "2236"]
[PlyCount "76"]
[EventDate "2022.11.18"]
[EventType "tourn"]
[EventRounds "9"]
[EventCountry "USA"]
[SourceTitle "CBM 211 Extra"]
[Source "ChessBase"]
[SourceDate "2023.01.31"]
[SourceVersion "1"]
[SourceVersionDate "2023.01.31"]
[SourceQuality "1"]

1. e4 c6 2. Nf3 d5 3. Nc3 dxe4 4. Nxe4 Nf6 5. Qe2 Bf5 6. Nxf6+ gxf6 7. d4 Qd5 8. c4 Qe4 9. Qxe4 Bxe4 10. Be3 Na6 11. a3 0-0-0 12. Nd2 Bf5 13. g3 e5 14. d5 Nc5 15. b4 Nd3+ 16. Bxd3 Bxd3 17. Bxa7 cxd5 18. cxd5 Rxd5 19. Rc1+ Kd7 20. Nc4 Ke6 21. Be3 Be7 22. Nb6 Rdd8 23. f3 h5 24. h4 Bb5 25. Rc3 f5 26. f4 Bf6 27. Rc5 Bc6 28. Rh2 Rhg8 29. Nc4 Rxg3 30. Bf2 Rgd3 31. fxe5 Be7 32. Ra5 Bd5 33. Nd2 Bc6 34. Nc4 f4 35. Bb6 Rd1+ 36. Kf2 R8d3 37. Ke2 Bf3+ 38. Kf2 Bd5 0-1